[Event "ECU Clasif1 U20"]
[Site "Chess.com INT"]
[Date "2020.12.17"]
[Round "2"]
[White "Echeverria Bravo, Juan Sebastian"]
[Black "Buestan Brito, Anaela Elizabeth"]
[Result "0-1"]
[WhiteElo "1549"]
[BlackElo "1725"]
[PlyCount "52"]
[EventDate "2020.12.17"]
[EventType "swiss"]
[EventRounds "9"]
[EventCountry "ECU"]
[SourceTitle "EXT 2022"]
[Source "ChessBase"]
[SourceDate "2021.10.06"]
[SourceVersion "1"]
[SourceVersionDate "2021.10.06"]
[SourceQuality "1"]

1. e4 c5 2. Nf3 Nc6 3. d4 cxd4 4. Nxd4 g6 5. Nxc6 bxc6 6. Qd4 Nf6 7. e5 Nd5 8. c4 Nb4 9. Qc3 a5 10. a3 Na6 11. e6 f6 12. exd7+ Bxd7 13. Be2 Bg7 14. Be3 0-0 15. Qc2 f5 16. Nc3 e5 17. 0-0 f4 18. Bd2 Bf5 19. Qc1 Nc5 20. Bd1 Nd3 21. Qc2 Nxf2 22. Qb3 Nh3+ 23. gxh3 Qxd2 24. Bg4 Qe3+ 25. Kh1 Be4+ 26. Nxe4 Qxb3 0-1

[Event "ECU-ch U20 Girls"]
[Site "Guayaquil"]
[Date "2020.02.20"]
[Round "4"]
[White "Roman Tapia, Ariana Alejandra"]
[Black "Buestan Brito, Anaela Elizabeth"]
[Result "0-1"]
[WhiteElo "1495"]
[BlackElo "1694"]
[PlyCount "134"]
[EventDate "2020.02.19"]
[EventType "swiss"]
[EventRounds "9"]
[EventCountry "ECU"]
[SourceTitle "CBM 195 Extra"]
[Source "ChessBase"]
[SourceDate "2020.05.31"]
[SourceVersion "1"]
[SourceVersionDate "2020.05.31"]
[SourceQuality "1"]

1. e4 c5 2. c3 d5 3. exd5 Qxd5 4. d4 Nc6 5. Nf3 Bg4 6. Be2 cxd4 7. cxd4 e6 8. Nc3 Qa5 9. 0-0 Nf6 10. Be3 Bd6 11. h3 Bh5 12. Qb3 Qb4 13. Qc2 0-0 14. Rad1 Ne7 15. Bg5 Rac8 16. Bxf6 gxf6 17. Qd2 Rfd8 18. Ne4 Qxd2 19. Nxf6+ Kh8 20. Rxd2 Bxf3 21. Bxf3 Be5 22. Ng4 Rxd4 23. Rxd4 Bxd4 24. b3 b6 25. Rd1 Nf5 26. Be4 Ng3 27. Bf3 Nf5 28. Kf1 Rc2 29. Be4 Rxa2 30. Bxf5 exf5 31. Rxd4 fxg4 32. Rxg4 a5 33. Kg1 Ra3 34. Rg3 b5 35. Re3 a4 36. Re8+ Kg7 37. bxa4 bxa4 38. Ra8 Kf6 39. Ra5 Ra1+ 40. Kh2 Ke6 41. f3 Kd6 42. Kg3 a3 43. Kh2 Kc6 44. Ra8 Kb5 45. Rb8+ Ka4 46. Kg3 Ra2 47. Ra8+ Kb3 48. Rb8+ Kc2 49. Rc8+ Kd2 50. Ra8 Ra1 51. Ra7 Kc2 52. Rc7+ Kb2 53. Rb7+ Ka2 54. Rxf7 Rb1 55. Rxh7 Rb3 56. Ra7 Kb2 57. Rxa3 Kxa3 58. Kg4 Kb4 59. h4 Kc5 60. Kg5 Kd6 61. h5 Ke7 62. Kg6 Kf8 63. h6 Kg8 64. g4 Rxf3 65. g5 Rb3 66. h7+ Kh8 67. Kh6 Rh3+ 0-1

[Event "ECU-ch U20 Girls"]
[Site "Guayaquil"]
[Date "2020.02.19"]
[Round "1"]
[White "Buestan Brito, Anaela Elizabeth"]
[Black "Guerrero Caicedo, Arlette Sabina"]
[Result "1-0"]
[WhiteElo "1694"]
[BlackElo "1381"]
[PlyCount "94"]
[EventDate "2020.02.19"]
[EventType "swiss"]
[EventRounds "9"]
[EventCountry "ECU"]
[SourceTitle "CBM 195 Extra"]
[Source "ChessBase"]
[SourceDate "2020.05.31"]
[SourceVersion "1"]
[SourceVersionDate "2020.05.31"]
[SourceQuality "1"]

1. e4 d5 2. exd5 Qxd5 3. Nc3 Qd8 4. d4 Nf6 5. Nf3 Bf5 6. Bf4 e6 7. Bc4 Be7 8. Nb5 Bd6 9. Nxd6+ cxd6 10. Bb5+ Nc6 11. 0-0 h6 12. c4 0-0 13. Bxc6 bxc6 14. Qa4 Qd7 15. Rfd1 Bg4 16. Qa3 Bxf3 17. Qxf3 d5 18. Bxh6 gxh6 19. Qxf6 Kh7 20. Rd3 Rg8 21. cxd5 Rg6 22. dxc6 Rxf6 23. cxd7 Rd8 24. h3 Rxd7 25. Rad1 Rf5 26. f3 Rfd5 27. f4 Kg6 28. Kf2 Rc7 29. Ke3 Ra5 30. a3 Rd5 31. Rc3 Rb7 32. Rd2 Rdb5 33. b4 a5 34. bxa5 Rxa5 35. g4 Rb1 36. Rdd3 Rh1 37. Kf2 Rh2+ 38. Kg3 Rh1 39. f5+ exf5 40. d5 fxg4 41. hxg4 Ra8 42. Rc6+ f6 43. d6 Kf7 44. Rc7+ Ke8 45. Rh7 Rd8 46. Re3+ Kf8 47. Rh8+ Kg7 1-0